BSOP header

The Persian plot {ch} (simplified Chinese version / (Record no. 25105)

MARC details
000 -LEADER
fixed length control field 00672nam a2200181 4500
008 - FIXED-LENGTH DATA ELEMENTS--GENERAL INFORMATION
fixed length control field 051111s2004 -hk chi
020 ## - INTERNATIONAL STANDARD BOOK NUMBER
International Standard Book Number 96288104456
090 ## - LOCALLY ASSIGNED LC-TYPE CALL NUMBER (OCLC); LOCAL CALL NUMBER (OCLC)
Classification number (OCLC) (R) ; Classification number, CALL (RLIN) (NR) BS558.C5
Local cutter number (OCLC) ; Book number/undivided call number, CALL (RLIN) M35p
100 1# - MAIN ENTRY--PERSONAL NAME
Personal name Marsh, T. F.
245 10 - TITLE STATEMENT
Title The Persian plot {ch} (simplified Chinese version /
Statement of responsibility, etc T. F. Marsh.
260 ## - PUBLICATION, DISTRIBUTION, ETC. (IMPRINT)
Place of publication, distribution, etc Hong Kong :
Name of publisher, distributor, etc Christian Communications Ltd.,
Date of publication, distribution, etc c2004.
300 ## - PHYSICAL DESCRIPTION
Extent 31 p. :
Other physical details col. ill.
490 1# - SERIES STATEMENT
Series statement The tale tellers.
500 ## - GENERAL NOTE
General note [In Chinese and English texts].
600 14 - SUBJECT ADDED ENTRY--PERSONAL NAME
Personal name Esther, Queen of Persia
General subdivision Juvenile literature {ch}.
650 #4 - SUBJECT ADDED ENTRY--TOPICAL TERM
Topical term or geographic name as entry element Bible stories
General subdivision Juvenile literature {ch}.
951 ## - EQUIVALENCE OR CROSS-REFERENCE-GEOGRAPHIC NAME/AREA NAME [OBSOLETE] [CAN/MARC only]
General subdivision 00031850
951 ## - EQUIVALENCE OR CROSS-REFERENCE-GEOGRAPHIC NAME/AREA NAME [OBSOLETE] [CAN/MARC only]
-- C-6928
-- BS558.C5/M35p
-- 070613111527093
-- 2000-12-21
-- PAM-CH
Holdings
Withdrawn status Lost status Damaged status Not for loan Home library Current library Shelving location Date acquired Accession number Shelving control number Total Checkouts Full call number Barcode Date last seen Price effective from Koha item type
        BSOP Library BSOP Library Pamphlet Chinese 12/21/2000 C-6928 127   BS558.C5/M35p 00031850 02/23/2013 02/23/2013 Books
BSOP

Biblical Seminary of the Philippines
  All rights Reserved
  © 2024

CONTACT INFORMATION

Biblical Seminary of the Philippines,
  77-B Karuhatan Road, Valenzuela City,
  PHILIPPINES 1441
  Phone: +632 8292-6795 / 8292-6798
  Fax : +632 8292-6675
  Email: library@bsop.edu.ph